Automatic process control for chemical engineers (Record no. 25223)

000 -LEADER
fixed length control field 00528nam a2200193 4500
001 - CONTROL NUMBER
control field 25223
003 - CONTROL NUMBER IDENTIFIER
control field BD-DhUET
008 - FIXED-LENGTH DATA ELEMENTS--GENERAL INFORMATION
fixed length control field 150304b1956 xxu||||| |||| 00| 0 eng d
040 ## - CATALOGING SOURCE
Original cataloging agency DLC
Transcribing agency DLC
Modifying agency BD-DhUET
082 ## - DEWEY DECIMAL CLASSIFICATION NUMBER
Classification number 660.28
Item number CEA/1956
100 ## - MAIN ENTRY--PERSONAL NAME
Personal name Ceaglaske, Norman H.
245 ## - TITLE STATEMENT
Title Automatic process control for chemical engineers
250 ## - EDITION STATEMENT
Edition statement 1st ed.
260 ## - PUBLICATION, DISTRIBUTION, ETC. (IMPRINT)
Place of publication, distribution, etc. New Delhi
Name of publisher, distributor, etc. Wiley Eastern
Date of publication, distribution, etc. 1956
300 ## - PHYSICAL DESCRIPTION
Extent xiv, 228 p.
Other physical details ill.
Dimensions 23 cm.
504 ## - BIBLIOGRAPHY, ETC. NOTE
Bibliography, etc Includes bibliographies
650 #0 - SUBJECT ADDED ENTRY--TOPICAL TERM
Topical term or geographic name as entry element Chemical engineering
942 ## - ADDED ENTRY ELEMENTS (KOHA)
Koha item type General Book
Holdings
Not for loan Koha date last seen Piece designation (barcode) Koha full call number Damaged status Lost status Koha normalized classification for sorting Shelving location Withdrawn status Koha item type Source of classification or shelving scheme Price effective from Date acquired Location (home branch) Copy number Sublocation or collection (holding branch)
 2015-05-1332624660.28/CEA/1956  660_280000000000000_CEA_1956Circulation section General Book 2015-05-132015-05-13Central Library, BUET1Central Library, BUET
 2015-05-1332623660.28/CEA/1956  660_280000000000000_CEA_1956Circulation section General Book 2015-05-132015-05-13Central Library, BUET2Central Library, BUET
 2015-05-1332622660.28/CEA/1956  660_280000000000000_CEA_1956Circulation section General Book 2015-05-132015-05-13Central Library, BUET3Central Library, BUET
 2015-05-1332621660.28/CEA/1956  660_280000000000000_CEA_1956Circulation section General Book 2015-05-132015-05-13Central Library, BUET4Central Library, BUET
 2015-05-1320928660.28/CEA/1956  660_280000000000000_CEA_1956Circulation section General Book 2015-05-132015-05-13Central Library, BUET5Central Library, BUET
 2015-05-1337310660.28/CEA/1956  660_280000000000000_CEA_1956Circulation section General Book 2015-05-132015-05-13Central Library, BUET6Central Library, BUET
 2015-05-1332625660.28/CEA/1956  660_280000000000000_CEA_1956Circulation section General Book 2015-05-132015-05-13Central Library, BUET7Central Library, BUET
 2015-05-1311145660.28/CEA/1956  660_280000000000000_CEA_1956Circulation section General Book 2015-05-132015-05-13Central Library, BUET8Central Library, BUET
 2015-05-1311148660.28/CEA/1956  660_280000000000000_CEA_1956Circulation section General Book 2015-05-132015-05-13Central Library, BUET9Central Library, BUET
 2015-05-1311144660.28/CEA/1956  660_280000000000000_CEA_1956Circulation section General Book 2015-05-132015-05-13Central Library, BUET10Central Library, BUET
 2015-05-1312431660.28/CEA/1956  660_280000000000000_CEA_1956Circulation section General Book 2015-05-132015-05-13Central Library, BUET11Central Library, BUET
 2015-05-1310151660.28/CEA/1956  660_280000000000000_CEA_1956Circulation section General Book 2015-05-132015-05-13Central Library, BUET12Central Library, BUET